| 000 | 00689nam a22002057a 4500 | ||
|---|---|---|---|
| 005 | 20170920103126.0 | ||
| 010 | _aENG-120451 | ||
| 020 |
_a9789386689320 _c295.00 |
||
| 035 | _aEN-103983 | ||
| 037 | _bDBAD/PUB | ||
| 082 | _a350.0001 | ||
| 100 | _aChakrabarty,Bidyut | ||
| 245 |
_aPublic administration : _cby Bidyut Chakrabarty [and] Prakash Chand _bfrom government to governance / |
||
| 260 |
_aHyderabad _bOrient Black Swan _c2017 |
||
| 270 |
_a3-6-752,Himayantnagar , _bHyderabad (Telangana) _e500029 |
||
| 300 |
_axi,344p. _c24cm(pbk) |
||
| 500 | _aIncludes bibliographical references and index | ||
| 700 | _aPrakash Chand | ||
| 942 |
_2ddc _cEN _h350.0001 _mCHA |
||
| 999 |
_c144929 _d144929 |
||